Autocracy and democracy: an experimental inquiry (Record no. 420806)

000 -LEADER
fixed length control field 00460cam a22001577a 4500
008 - FIXED-LENGTH DATA ELEMENTS--GENERAL INFORMATION
fixed length control field 180718b1960 xxu||||| |||| 00| 0 eng d
082 ## - DEWEY DECIMAL CLASSIFICATION NUMBER
Classification number B253 W585
100 ## - MAIN ENTRY--PERSONAL NAME
Personal name White, Ralph K.
245 ## - TITLE STATEMENT
Title Autocracy and democracy: an experimental inquiry
Statement of responsibility, etc. by Ralph K. White and Ronald Lippitt
260 ## - PUBLICATION, DISTRIBUTION, ETC.
Place of publication, distribution, etc. New York
Name of publisher, distributor, etc. Harper & Brothers
Date of publication, distribution, etc. 1960
300 ## - PHYSICAL DESCRIPTION
Extent x, 330p
650 ## - SUBJECT ADDED ENTRY--TOPICAL TERM
Topical term or geographic name entry element Leadership.
650 ## - SUBJECT ADDED ENTRY--TOPICAL TERM
Topical term or geographic name entry element Democracy
650 ## - SUBJECT ADDED ENTRY--TOPICAL TERM
Topical term or geographic name entry element Social groups
700 ## - ADDED ENTRY--PERSONAL NAME
Personal name Lippitt, Ronald
Holdings
Withdrawn status Lost status Damaged status Not for loan Permanent Location Current Location Date acquired Full call number Barcode Date last seen Price effective from Koha item type
        Indian Institute of Public Administration Indian Institute of Public Administration 2009-07-20 B253 W585 25652 2018-07-21 2018-07-21 Book

Powered by Koha